Statystyki dla Czy znasz wyniki gali KSW 80.

Kliknij tutaj aby rozwiązać quiz!

Ogólne statystyki

  • Ten quiz został rozwiązany 93 razy
  • Średni wynik to 6 z 9

Statystyki odpowiedzi

ZagadnienieOdpowiedź% Poprawnych
Kto i jak wygrał walkę o pas?Robert Ruchała TKO
92%
Kto i jak wygrał walkę Tarchilla vs W.Kazieczko?Tarchilla Decyzja
74%
Kto i jak wygrał walkę Guimaraes vs Czerwińska?Guimaraes Decyzja
70%
Kto i jak wygrał walkę Koziorzębski vs Borkowski?Koziorzębski Decyzja
69%
Kto i jak wygrał Co-main event?Tom Breese Poddanie
66%
Kto i jak wygrał walkę Michalski vs GolubovskisMichalski TKO
57%
Kto i jak wygrał walkę Sy vs Da Silva?Sy Poddanie
57%
Kto i jak wygrał walkę Szkaradek vs ChrobakSzkaradek Poddanie
56%
Kto i jak wygrał walkę Vrtacić vs Janur?Vrtacić TKO
24%

Rozkład punktacji

Percentyl według liczby udzielonych odpowiedzi

Procent ludzi z każdym wynikiem

Twoja historia wyników

Nie rozwiązałeś tego quizu